Normal view
MARC view
- Economics
Entry Topical Term
001 - CONTROL NUMBER
- control field: 1716
003 - CONTROL NUMBER IDENTIFIER
- control field: OSt
005 - DATE AND TIME OF LATEST TRANSACTION
- control field: 20161006160513.0
008 - FIXED-LENGTH DATA ELEMENTS
- fixed length control field: 161006|| aca||aabn | a|a d
040 ## - CATALOGING SOURCE
- Original cataloging agency: OSt
- Transcribing agency: OSt
150 ## - HEADING--TOPICAL TERM
- Topical term or geographic name as entry element: Economics
670 ## - SOURCE DATA FOUND
- Source citation: Work cat.: (OSt)969: Watson, Donald Stevenson . 1715, Vilasidhanthavum Atinte Upayogangalum / , 1974.
